Skład Realu Madryt vs Atalanta w Superpucharze Europy 2024 - Statystyki

Ogólne statystyki
  • Ten quiz został rozwiązany 374 razy
  • Średni wynik to 9 z 11
Statystyki odpowiedzi
Numer Pozycja Zawodnik % Poprawnych
9 Napastnik Kylian Mbappe
97%
11 Prawy skrzydłowy Rodrygo
92%
7 Lewy skrzydłowy Vinícius Júnior
92%
22 Środkowy obrońca Antonio Rudiger
87%
5 Środkowy pomocnik Jude Bellingham
86%
2 Prawy obrońca Dani Carvajal
85%
1 Bramkarz Thibaut Courtois
84%
8 Środkowy pomocnik Federico Valverde
83%
23 Lewy obrońca Ferland Mendy
83%
3 Środkowy obrońca Éder Militão
81%
14 Środkowy pomocnik Aurelien Tchouameni
71%
Nie znaleziono quizów pasujących do podanych kryteriów
Rozkład punktacji
Procent ludzi z każdym wynikiem
Percentyl według liczby udzielonych odpowiedzi
Twoja historia wyników
Nie rozwiązałeś tego quizu